000 00609nam a22002057a 4500
003 OSt
005 20260122055250.0
008 260122b |||||||| |||| 00| 0 eng d
020 _a0-07-288467-3.
040 _aDWCL-Main lib
_cOC
082 _212th edition
_aCirc. 657.3 F491 2006
100 _aJan R. Williams
245 _aFinancial Accounting
_cJan R. Williams
260 _aN. Y. :
_bMcGraw-Hill Co.,
_cc2006.
300 _axxv, 802 pages :
_bcolored illustration ;
_c28 cm.
504 _aIncludes indexes.
650 _21. Accounting.
700 _aWilliams, Jan R.
942 _2ddc
_cBK-CIRC
_kCirc.
_n0
999 _c7702
_d7702